000
00302nam a22001337a 4500
008
170127b xxu||||| |||| 00| 0 eng d
020
_a
9780387323244
041
_a
eng
080
_a
61
100
_a
3
101
_a
SHM
245
_a
FUNDAMENTALS OF GERIATRIC MEDICINE
_c
SORIANO, R.P
942
_2
udc
_c
BK
999
_c
3900
_d
3900